[Event "Space Coast op 28th"]
[Site "Cape Canaveral"]
[Date "2023.05.19"]
[Round "1"]
[White "DeCozar, Ulises"]
[Black "Mitkov, Nikola"]
[Result "0-1"]
[WhiteElo "2016"]
[BlackElo "2477"]
[PlyCount "56"]
[EventDate "2023.05.19"]
[EventType "swiss"]
[EventRounds "5"]
[EventCountry "USA"]
[SourceTitle "EXT 2024"]
[Source "ChessBase"]
[SourceDate "2023.10.10"]
[SourceVersion "1"]
[SourceVersionDate "2023.10.10"]
[SourceQuality "1"]

1. c4 e5 2. g3 Nc6 3. Nc3 Bb4 4. Nd5 Bc5 5. Bg2 Nge7 6. d3 0-0 7. e3 Nxd5 8. cxd5 Ne7 9. Ne2 d6 10. 0-0 f6 11. d4 Bb6 12. b3 Qe8 13. e4 f5 14. dxe5 dxe5 15. exf5 Bxf5 16. Be3 Bxe3 17. fxe3 Qg6 18. Nc3 Bd3 19. Rxf8+ Rxf8 20. e4 Qb6+ 21. Kh1 Qd4 22. Rc1 Nc8 23. Qg4 Nd6 24. Qe6+ Rf7 25. Qg4 Qe3 26. Rg1 Qd2 27. Nb1 Qb2 28. Qd1 Nxe4 0-1

[Event "Sabaneta op-A 1st"]
[Site "Sabaneta"]
[Date "2022.11.26"]
[Round "2"]
[White "Del Rey, Diego"]
[Black "Mitkov, Nikola"]
[Result "0-1"]
[WhiteElo "2341"]
[BlackElo "2497"]
[PlyCount "118"]
[EventDate "2022.11.25"]
[EventType "swiss"]
[EventRounds "10"]
[EventCountry "COL"]
[SourceTitle "CBM 211 Extra"]
[Source "ChessBase"]
[SourceDate "2023.01.31"]
[SourceVersion "1"]
[SourceVersionDate "2023.01.31"]
[SourceQuality "1"]

1. d4 d5 2. c4 e6 3. Nc3 Bb4 4. Qa4+ Nc6 5. e3 Nge7 6. Bd2 0-0 7. Nf3 a5 8. Qc2 b6 9. Bd3 h6 10. Rc1 Ba6 11. cxd5 Bxd3 12. Qxd3 exd5 13. 0-0 a4 14. a3 Bxc3 15. Bxc3 Re8 16. Qb5 Ra7 17. Rc2 Nb8 18. Bb4 Ng6 19. Rfc1 Re6 20. Qd3 c6 21. Qf5 Nh4 22. Nxh4 Qxh4 23. f3 Rd7 24. Be1 Qe7 25. Bg3 Rd8 26. Bf4 Rxe3 27. Bxe3 Qxe3+ 28. Kf1 Qxd4 29. Re2 g6 30. Qc2 c5 31. Rce1 Nc6 32. Re8+ Rxe8 33. Rxe8+ Kg7 34. Qc3 Qxc3 35. bxc3 d4 36. Ke2 dxc3 37. Kd3 b5 38. Kxc3 Nd4 39. Rc8 Nb3 40. Rb8 Nd4 41. Rc8 Nb3 42. Rb8 Nd4 43. Kd3 f5 44. f4 g5 45. fxg5 hxg5 46. Rb6 Kf7 47. g3 f4 48. gxf4 gxf4 49. h4 f3 50. Ke3 b4 51. axb4 cxb4 52. Ra6 a3 53. Ra7+ Kg6 54. Kf2 Nc2 55. Kxf3 b3 56. Ra6+ Kh5 57. Ra5+ Kxh4 58. Kf4 a2 59. Ra7 Kh5 0-1

[Event "Pereira Fiestas de la Cosecha"]
[Site "Pereira"]
[Date "2022.08.27"]
[Round "8"]
[White "Mitkov, Nikola"]
[Black "Flom, Gabriel"]
[Result "1/2-1/2"]
[WhiteElo "2497"]
[BlackElo "2406"]
[PlyCount "125"]
[EventDate "2022.08.24"]
[EventType "swiss"]
[EventRounds "10"]
[EventCountry "COL"]
[SourceTitle "CBM 210 Extra"]
[Source "ChessBase"]
[SourceDate "2022.11.30"]
[SourceVersion "1"]
[SourceVersionDate "2022.11.30"]
[SourceQuality "1"]

1. e4 c5 2. Nc3 a6 3. d4 cxd4 4. Qxd4 d6 5. Bg5 Nc6 6. Qd2 Nf6 7. 0-0-0 e6 8. Kb1 b5 9. f3 Be7 10. h4 h6 11. Bxf6 gxf6 12. h5 b4 13. Nce2 Qb6 14. Nh3 a5 15. Nd4 Na7 16. Nf2 a4 17. Ng4 a3 18. b3 Qc5 19. Bc4 Bd7 20. Nxh6 Rb8 21. Ng4 Nc8 22. Qf4 Qg5 23. Qxg5 fxg5 24. e5 Rb6 25. Bd3 dxe5 26. Nxe5 Bf6 27. Nxd7 Kxd7 28. Ne2 Be5 29. g3 Ke7 30. f4 gxf4 31. gxf4 Bf6 32. h6 Nd6 33. h7 Bg7 34. Rdg1 Kf8 35. Rg3 Nf5 36. Bxf5 exf5 37. Rd3 Rg6 38. Rd8+ Ke7 39. Rxh8 Bxh8 40. Nc1 Rg4 41. Nd3 Kf8 42. Rf1 Rh4 43. Nxb4 Rxh7 44. Nd3 Bc3 45. Ne5 Rh4 46. Nc4 Bb4 47. c3 Bxc3 48. Nxa3 Bd2 49. Nc4 Bxf4 50. a4 Ke7 51. Kc2 Ke6 52. a5 Rh2+ 53. Kc3 Bc7 54. Re1+ Kd7 55. Kb4 f4 56. a6 f3 57. Ne5+ Bxe5 58. Rxe5 Rh4+ 59. Kb5 f2 60. Rd5+ Kc7 61. Rd1 Rh5+ 62. Kc4 Rf5 63. Rf1 1/2-1/2